Biggest Football Stadiums in Poland - Statistics

General Stats
  • This quiz has been taken 15 times
  • The average score is 8 of 20
Answer Stats
Stadium Capacity % Correct
Stadion Narodowy im. Kazimierza Górskiego w Warszawie 58,580
100%
ENEA Stadion 42,837
87%
Stadion Miejski we Wrocławiu 42,771
87%
Stadion Śląski 55,211
80%
Stadion w Gdańsku 41,620
60%
Stadion Wojska Polskiego w Warszawie 31,106
53%
Arena Lublin 15,247
33%
Stadion Cracovii im. Józefa Piłsudskiego 15,016
33%
Stadion Miejski im. Henryka Reymana 33,130
33%
Stadion Miejski Widzewa Łódź 18,018
33%
Arena Kielce 15,500
27%
Stadion Miejski w Białymstoku 22,372
27%
Stadion Miejski w Gdyni 15,139
27%
Stadion Miejski w Łodzi 18,029
27%
Stadion im. Ernesta Pohla w Zabrzu 31,871
20%
Stadion Miejski im. Floriana Krygiera 21,163
20%
Stadion miejski w Tychach 15,150
20%
Stadion w Lubinie 16,086
13%
Stadion RKS Skra 35,000
7%
Stadion im. Zdzisława Krzyszkowiaka 20,559
0%
No matching quizzes found
Score Distribution
Percent of People with Each Score
Percentile by Number Answered
Your Score History
You have not taken this quiz